Environmental economics in theory and practice / (Record no. 2954)
[ view plain ]
| 000 -LEADER | |
|---|---|
| fixed length control field | 01352nam a2200205 a 4500 |
| 020 ## - INTERNATIONAL STANDARD BOOK NUMBER | |
| ISBN | 019521255X (pbk. : alk. paper) |
| 020 ## - INTERNATIONAL STANDARD BOOK NUMBER | |
| ISBN | 0195212541 (hbk. : alk. paper) |
| 020 ## - INTERNATIONAL STANDARD BOOK NUMBER | |
| ISBN | 9780195212556 |
| 050 00 - CALL NUMBER | |
| Classification number | HC79.E5 |
| Item number | H32923 |
| 100 1# - AUTHOR | |
| Personal name | Hanley, Nick. |
| 245 10 - TITLE | |
| Title | Environmental economics in theory and practice / |
| Statement of responsibility, etc | Nick Hanley, Jason F. Shogren and Ben White. |
| 260 ## - PUBLICATION INFORMATION | |
| Place of publication | New York ; |
| -- | Oxford, [England] : |
| Name of publisher | Oxford University Press, |
| Year of publication | 1997. |
| 300 ## - DESCRIPTION | |
| Number of Pages | xv, 464 p. : |
| Other physical details | ill. ; |
| Dimensions | 25 cm. |
| 500 ## - NOTES | |
| General note | Includes index. |
| 505 0# - FORMATTED CONTENTS NOTE | |
| Table of Content | 1. The Economy and the Environment: Two Parts of a Whole -- 2. Market Failure -- 3. Economic Incentives for Environmental Protection: An Overview -- 4. Pollution Taxes for the Efficient Control of Pollution -- 5. Tradeable Pollution Permits -- 6. Transboundary Pollution Problems -- 7. An Introduction to the Economics of Natural Resource Exploitation -- 8. Natural Resources: Types, Classification and Scarcity -- 9. An Economic Analysis of Non-renewable Natural Resources -- 10. Renewable Resource Economics -- 11. The Economics of Forestry Exploitation -- 12. The Theory of Non-market Valuation -- 13. Methods of Valuing Environmental Costs and Benefits -- 14. The Economics of Sustainable Development. |
| 650 #0 - SUBJECTS | |
| Topical Term | Environmental economics. |
| 700 1# - OTHER AUTHORS | |
| Personal name | Shogren, Jason F. |
| 700 1# - OTHER AUTHORS | |
| Personal name | White, Ben |
| 942 ## - ADDED ENTRY ELEMENTS (KOHA) | |
| Koha item type | Books |
| Withdrawn status | Lost status | Collection code | Home library | Current library | Shelving location | Date acquired | Full call number | Accession Number | Copy number | Koha item type |
|---|---|---|---|---|---|---|---|---|---|---|
| Reference | Methodist University Library Main | Methodist University Library Main | General Stacks | HC79.E5 H32923 | 37857 | 1 | Books |